[Event "GAMMA Reykjavik Open 2019"]
[Site "Reykjavik"]
[Date "2019.04.14"]
[Round "7.16"]
[White "Esbensen, Arnt"]
[Black "Gukesh D"]
[Result "0-1"]
[WhiteElo "2176"]
[BlackElo "2536"]
[Annotator "TA"]
[PlyCount "52"]
[EventDate "2019.04.04"]
[EventType "swiss"]
[EventCountry "ISL"]
[SourceTitle "playchess.com"]
[Source "ChessBase"]
[SourceQuality "1"]

{[%evp 20,52,0,0,0,0,0,0,0,14,9,3,22,-16,-6,-19,-27,-19,-23,-196,-197,-212,-214,-383,-373,-328,-349,-342,-321,-727,-712,-942,-347,-352,-345]} 1. d4 Nf6 2. c4 g6 3. Nf3 Bg7 4. g3 O-O 5. Bg2 d6 6. O-O Nbd7 {[%cal Bb8d7,Bd7c5,Bc5e6][%mdl 32]} 7. b3 e5 8. Nc3 Re8 9. dxe5 dxe5 10. e4 c6 11. Qc2 Nc5 {E67: King's Indian: Fianchetto: 6...Nbd7} 12. Be3 Qe7 13. h3 Nfd7 {The position is equal.} 14. Rfd1 Ne6 15. Rab1 Rf8 16. Qd2 $146 ({Predecessor:} 16. b4 f5 17. c5 f4 18. Bc1 Nd4 19. Qd3 Nxf3+ 20. Bxf3 fxg3 21. fxg3 {0-1 (47) Szmukler,R-Panno,O (2465) San Fernando 1992}) 16... f5 17. Bh6 Bxh6 18. Qxh6 f4 19. h4 $2 {[#]} (19. Rb2 $11 {and White has nothing to worry.}) 19... Nf6 $1 $19 {[%cal Rf6g4] ...Ng4 is the strong threat.} 20. Nxe5 fxg3 21. f4 $2 (21. Rb2) 21... Nh5 {[%mdl 64] Discovered Attack} 22. Nxg6 hxg6 23. Qxg6+ Nhg7 24. f5 $2 (24. Qxg3 Rxf4 25. Rf1 Rxh4 26. Rf5) 24... Qxh4 25. Rd3 Qh2+ $2 (25... Ng5 26. f6 {[#]} Rxf6 $1 {[%mdl 512]} 27. Qxf6 Nh3+ {[%mdl 64] Discovered Attack} 28. Bxh3 Qxf6 29. Rxg3 Bxh3 30. Rxh3 Qg5+ 31. Kh1 Qg4) 26. Kf1 {[#]} Ng5 {Played: Qh2xg2} 0-1

[Event "GAMMA Reykjavik Open 2019"]
[Site "Reykjavik"]
[Date "2019.04.14"]
[Round "7.17"]
[White "Hjartarson, Johann"]
[Black "Abbas, Daniel"]
[Result "1-0"]
[WhiteElo "2520"]
[BlackElo "2253"]
[Annotator "TA"]
[PlyCount "49"]
[EventDate "2019.04.04"]
[EventType "swiss"]
[EventCountry "ISL"]
[SourceTitle "playchess.com"]
[Source "ChessBase"]
[SourceQuality "1"]

{[%evp 20,49,37,33,68,68,55,61,56,55,152,117,266,262,341,340,357,343,775,412,389,399,618,588,1286,1279,1278,1238,1186,1179,29986,29987]} 1. e4 c5 2. Nf3 e6 3. d4 cxd4 4. Nxd4 a6 5. Bd3 Nf6 6. O-O Qc7 7. Qe2 d6 8. c4 g6 9. Nc3 Bg7 10. Nf3 O-O 11. Rd1 Nh5 $146 {B42: Sicilian: Kan Variation: 5 Bd3} ({Predecessor:} 11... Nbd7 12. Bc2 Ng4 13. Bf4 Nge5 14. Nxe5 Nxe5 15. Rac1 Qxc4 16. Qxc4 Nxc4 17. Bb3 Ne5 18. Na4 b5 19. Nb6 {1-0 (44) Kokarev,D (2605)-Bocharov,D (2533) Taganrog 2019}) 12. Be3 Bxc3 13. bxc3 e5 {White is slightly better.} 14. Qd2 Nd7 {[#]} (14... Bg4 $14) 15. Bc2 $1 $16 Qxc4 (15... Nb6 $16 {was worth a try.}) 16. Qxd6 $18 Qxc3 17. Bb3 Qc6 18. Bh6 Ng7 $2 {[#]} (18... Qxd6 19. Rxd6 Re8) 19. Rac1 {[%cal Ba1c1,Bc1c7,Bc7d7][%mdl 32]} Qxd6 20. Rxd6 b6 (20... Ne8 $142) 21. Rc7 Kh8 22. Ng5 Kg8 23. Rdxd7 Bxd7 24. Rxd7 {[%cal Rg5f7]} Rac8 25. Nxf7 {Accuracy: White = 85%, Black = 18%.} 1-0

[Event "GAMMA Reykjavik Open 2019"]
[Site "Reykjavik"]
[Date "2019.04.14"]
[Round "7.18"]
[White "Giacomini, Hector"]
[Black "Kanarek, Marcel"]
[Result "0-1"]
[WhiteElo "2167"]
[BlackElo "2505"]
[Annotator "ChessBase"]
[PlyCount "68"]
[EventDate "2019.04.04"]
[EventType "swiss"]
[EventCountry "ISL"]
[SourceTitle "playchess.com"]
[Source "ChessBase"]
[SourceQuality "1"]
[TimeControl "40/5400+30:1800+30"]

1. Nf3 {[%emt 0:00:00]} Nf6 {[%emt 0:00:00]} 2. d4 {[%emt 0:00:00]} g6 {[%emt 0:00:00]} 3. Bg5 {[%emt 0:00:00]} Bg7 {[%emt 0:00:00]} 4. Nbd2 {[%emt 0:00:00]} O-O {[%emt 0:00:06]} 5. e3 {[%emt 0:00:02]} d6 {[%emt 0:03:51]} 6. Bd3 {[%emt 0:00:57]} Nc6 {[%emt 0:03:05]} 7. c3 {[%emt 0:01:42]} h6 {[%emt 0:04:27]} 8. Bh4 {[%emt 0:00:26]} e5 {[%emt 0:01:19]} 9. O-O {[%emt 0:00:39]} g5 {[%emt 0:06:24]} 10. Bg3 {[%emt 0:00:37]} Qe7 {[%emt 0:02:16]} 11. Qc2 {[%emt 0:01:47]} Re8 {[%emt 0:05:43]} 12. dxe5 {[%emt 0:02:04]} dxe5 {[%emt 0:01:12]} 13. e4 {[%emt 0:03:05]} Nh5 {[%emt 0:00:44]} 14. Rfe1 {[%emt 0:05:01]} Nf4 {[%emt 0:03:33]} 15. Bf1 {[%emt 0:01:42]} h5 {[%emt 0:00:58]} 16. h3 {[%emt 0:03:12]} g4 {[%emt 0:17:45]} 17. hxg4 {[%emt 0:01:45]} hxg4 {[%emt 0:00:07]} 18. Nh4 {[%emt 0:04:45]} Nh5 {[%emt 0:01:01]} 19. Nc4 {[%emt 0:07:04]} Bf6 {[%emt 0:05:21]} 20. Nf5 {[%emt 0:00:50]} Bxf5 {[%emt 0:00:47]} 21. exf5 {[%emt 0:00:05]} Nxg3 {[%emt 0:06:03]} 22. fxg3 {[%emt 0:00:07]} e4 {[%emt 0:00:25]} 23. Qe2 {[%emt 0:05:29]} Qc5+ {[%emt 0:13:23]} 24. Qe3 {[%emt 0:01:18]} Qxf5 {[%emt 0:00:50]} 25. Qf4 {[%emt 0:01:11]} Qxf4 {[%emt 0:03:07]} 26. gxf4 {[%emt 0:00:05]} Bh4 {[%emt 0:01:00]} 27. Red1 {[%emt 0:02:24]} e3 {[%emt 0:00:38]} 28. Be2 {[%emt 0:00:45]} Re4 {[%emt 0:04:07]} 29. Rd7 {[%emt 0:11:16]} Rxf4 {[%emt 0:03:22]} 30. Rad1 {[%emt 0:01:36]} Re8 {[%emt 0:01:44]} 31. Rxc7 {[%emt 0:05:07]} Bf2+ {[%emt 0:00:12]} 32. Kf1 {[%emt 0:01:34]} Bg3+ {[%emt 0:00:39]} 33. Kg1 {[%emt 0:00:26]} Rxc4 {[%emt 0:03:04]} 34. Bxc4 {[%emt 0:00:22]} Bxc7 {[%emt 0:00:22]} 0-1

[Event "GAMMA Reykjavik Open 2019"]
[Site "Reykjavik"]
[Date "2019.04.14"]
[Round "7.19"]
[White "Salomon, Johan"]
[Black "Chittka, Julius"]
[Result "1-0"]
[WhiteElo "2495"]
[BlackElo "2268"]
[Annotator "TA"]
[PlyCount "125"]
[EventDate "2019.04.04"]
[EventType "swiss"]
[EventCountry "ISL"]
[SourceTitle "playchess.com"]
[Source "ChessBase"]
[SourceQuality "1"]

{[%evp 9,125,13,22,12,16,12,42,39,54,45,43,39,29,29,39,39,66,71,66,63,85,86,92,97,90,96,91,85,97,103,87,88,156,166,172,161,310,264,229,189,199,182,236,181,179,176,149,147,134,56,61,63,56,56,56,56,66,59,61,61,61,63,138,131,183,63,64,64,86,86,312,217,314,122,195,122,129,115,256,158,960,956,801,695,4075,3326,6086,9855,29959,0,1047,371,646,635,517,147,158,117,560,542,995,0,0,0,0,0,0,0,6307,296,29976,29977,29977,29977,29975,29977,29978,29971]} 1. e4 c5 2. Nf3 Nc6 3. Bb5 g6 4. Bxc6 bxc6 5. d4 Bg7 6. dxc5 {B31: Sicilian: 2...Nc6 3 Bb5 g6} Qa5+ 7. Nbd2 Ba6 8. Rb1 {White is slightly better.} (8. a3 Qxc5 9. c4 Nh6 10. b4 Qh5 11. Rb1 f5 12. exf5 O-O 13. fxg6 Qxg6 {1-0 (43) So,W (2765)-Maze,S (2596) Caleta 2019}) 8... Qxc5 9. b4 Qb6 10. c4 Nf6 11. O-O O-O 12. Bb2 $146 ({Predecessor:} 12. Ba3 d6 13. Qc2 {1-0 (45) Gadimbayli,A (2330)-Kazakovskiy,V (2328) Kirishi 2016}) 12... Rab8 13. Bd4 Qc7 14. Re1 Ng4 {Strongly threatening ...Bxd4.} 15. Bxg7 Kxg7 16. h3 Ne5 17. Nxe5 Qxe5 18. Nf3 Qc7 19. Qd4+ Kg8 20. c5 Bb5 (20... d6 $142) 21. e5 $1 $16 a5 22. Qh4 Rbe8 (22... Kg7 $142 23. bxa5 (23. Qxe7 Bc4 $16) 23... Qxa5) 23. Ng5 {[%csl Gg5][%cal Rh4h7]} h5 24. a3 axb4 25. axb4 (25. Rxb4 $6 Qa7 $16) (25. Qxb4 Ra8 $11) 25... Kg7 (25... Ra8 {is a better defense.} 26. Nf3 Qd8) 26. Rbd1 Ba4 27. Rd3 $1 {[%cal Bd1d3,Bd3e3,Be3g3][%mdl 32]} Bc2 28. Rde3 Bf5 29. g4 (29. Nf3 $16) 29... Be6 $1 $14 30. Nxe6+ dxe6 31. gxh5 {Qg4 is the strong threat.} Rh8 32. Rg3 $1 Rh6 $1 33. Qg4 $40 {[%mdl 128] White is up to no good.} Reh8 $1 34. hxg6 $1 Rxg6 35. Qf3 Rhh6 (35... Rh4 $14) 36. Re4 $16 Rxg3+ (36... Qd7 $16 37. Kh2 Qd5) 37. Qxg3+ {[%mdl 4096] Endgame KQR-KQR} (37. fxg3 $18 Qd7 38. h4) 37... Rg6 $14 38. Rg4 Qa7 39. Kg2 Qa4 $2 (39... Qa1 $16 {was necessary.} 40. Rxg6+ fxg6) 40. Qh4 Qa7 (40... Rxg4+ {might work better.} 41. Qxg4+ Kf8) 41. Rg3 $2 (41. Rxg6+ $18 fxg6 42. Qe4) 41... Qb7 (41... Qc7 $16 42. Rxg6+ fxg6) 42. Qd4 (42. Qe4 $18) 42... Qa6 $16 43. Qe4 Qa4 (43... Kf8 $16 44. Rxg6 fxg6 45. Qf3+ (45. Qxg6 Qf1+ 46. Kf3 Qxf2+ 47. Kxf2 $11) 45... Kg7) 44. h4 Qb5 $2 (44... Rxg3+ $16 45. fxg3 (45. Kxg3 Qb3+ 46. Kh2 Qb2 $16) 45... Qa1) 45. h5 $18 Rxg3+ 46. Kxg3 {KQ-KQ} (46. fxg3 Qa4 $16) 46... Qa4 47. Qg4+ Kh7 48. Qf4 Kg7 49. Qg4+ (49. Qg5+ $142 Kf8 50. h6 Qb3+ 51. f3 Qxb4 52. Qg7+ Ke8 53. Qg8+ Kd7 54. Qxf7 Qxc5 55. h7 Qxe5+ 56. f4 Qe1+ 57. Kg4) 49... Kh7 50. Qf3 $2 (50. Kh2 Qa2 51. Qf3 {[%mdl 64] Double Attack}) 50... Kg7 $2 (50... Kg8 51. Qg4+ Kh7) 51. Qe4 Qb3+ 52. Kh4 $2 (52. Kh2 $18 {and White stays clearly on top.} Qd1 53. Kg3 (53. Qxc6 Qxh5+ 54. Kg1 Qd1+ 55. Kh2 Qh5+ 56. Kg2 Qg4+ 57. Kh2 Qxb4 $11)) 52... Qb2 $16 53. Qg4+ ({Inferior is} 53. Qxc6 Qxf2+ 54. Kg4 Qd4+ 55. Kf3 Qxb4 $11) 53... Kh7 $2 {[%mdl 8192]} (53... Kf8 $16 {is tougher.}) 54. Qf4 $18 Kh8 55. h6 $2 ({White should play} 55. Kh3 $18 {aiming for h6.} Kg7 56. h6+ Kf8 57. Kg2) 55... Qb1 $1 $11 56. Kh3 Qh1+ $1 57. Kg3 Qg1+ 58. Kf3 Qg6 $2 {[%mdl 8192]} (58... Qf1 $11) 59. Ke2 $2 (59. b5 Qb1 60. b6 (60. Qxf7 Qh1+ 61. Kg4 Qg2+ 62. Kh5 Qh2+ 63. Kg4 Qg2+ 64. Kh5 Qh2+ 65. Kg4 Qg2+ $11) 60... Qh1+ 61. Ke2 Qh5+ 62. Kd2) 59... Qc2+ $2 {[#]} (59... Qg2 $18 60. Qf3 (60. Qxf7 Qe4+ 61. Kd1 Qd3+ 62. Kc1 Qc4+ 63. Kd1 Qd4+ 64. Ke2 Qe4+ 65. Kd2 Qxb4+ 66. Ke3 Qxc5+ 67. Ke4 Qc4+ 68. Kf3 Qd3+ 69. Kg4 Qe4+ 70. Kg5 Qxe5+ 71. Kg6 Qf5+ 72. Qxf5 exf5 $11) 60... Qg6) 60. Kf1 $1 {White mates.} Qb1+ {[#]} 61. Kg2 $1 Qg6+ 62. Qg3 Qxh6 63. Qh3 {Accuracy: White = 60%, Black = 35%.} 1-0

[Event "GAMMA Reykjavik Open 2019"]
[Site "Reykjavik"]
[Date "2019.04.14"]
[Round "7.20"]
[White "Hambleton, Aman"]
[Black "Salles, Louis"]
[Result "0-1"]
[WhiteElo "2484"]
[BlackElo "2221"]
[Annotator "TA"]
[PlyCount "116"]
[EventDate "2019.04.04"]
[EventType "swiss"]
[EventCountry "ISL"]
[SourceTitle "playchess.com"]
[Source "ChessBase"]
[SourceQuality "1"]

{[%evp 9,116,10,4,-75,0,0,0,-31,-31,-28,0,-33,-17,-28,-37,-37,-24,-69,-80,-75,-71,-129,-10,-16,-4,-8,-8,-4,-4,-4,0,0,0,0,0,0,31,25,27,34,95,81,84,80,77,65,77,35,34,35,34,42,48,75,74,8,8,8,12,0,0,0,0,0,0,0,8,8,8,8,8,8,8,8,8,8,8,8,8,8,8,8,8,8,8,8,8,8,8,8,8,8,8,8,8,0,8,0,0,0,0,-29980,-29982,-29981,-29983,-29982,-29983,-29987,-29988]} 1. d4 Nf6 2. Bf4 c5 3. e3 Qb6 4. Nc3 {[%cal Bb1c3,Bc3b5,Bb5c7][%mdl 32]} Qxb2 5. Nb5 Nd5 6. c4 $146 {[#] A45: Trompowsky Attack} (6. a3 $11 {remains equal.}) ({Predecessor:} 6. Rb1 Qxa2 7. Ra1 Qb2 8. Rb1 Qa2 9. Ra1 Qb2 10. Rb1 {½-½ (10) Kamsky,G (2709)-Ivanchuk,V (2739) Caleta 2014}) 6... Nxf4 (6... Qb4+ $1 $17 7. Qd2 Qxd2+ 8. Kxd2 Nxf4 9. Nc7+ {[%mdl 64] Double Attack} (9. exf4 Na6 $15) 9... Kd8 10. Nxa8 Ng6) 7. Rb1 $11 Qxa2 8. Nc7+ {[%mdl 64] Double Attack. The position is equal.} (8. Ra1 $5 {[%cal Ra1a2]} Qb2 9. Rb1 $11) 8... Kd8 9. Nxa8 Ng6 10. Nf3 Qa5+ 11. Qd2 Qxd2+ 12. Kxd2 f6 13. h4 {And now h5 would win.} e6 14. Bd3 Na6 15. Be4 (15. Ra1 $142) 15... b6 ({Better is} 15... cxd4 $17 16. exd4 Bb4+ 17. Kc2 f5) 16. h5 Ne7 17. Ra1 Nc6 18. Bxc6 $1 dxc6 19. Rhb1 cxd4 (19... Kd7 {looks sharper.} 20. Ke2 cxd4 21. exd4 Rg8 22. Nd2 g6) 20. Nxd4 Kd7 21. Nxb6+ $1 axb6 22. Rxb6 {[%mdl 64] Double Attack} Bc5 (22... e5 {is more complex.} 23. Nb3 g6 24. hxg6 hxg6 25. Raxa6 Bxa6 26. Rxa6 Bb4+) 23. Rbxa6 Bxa6 24. Rxa6 Bxd4 ({Black should play} 24... Rb8 $14) 25. exd4 $14 {[%mdl 4096] Endgame KR-KR} Rc8 26. g4 Rc7 27. f4 e5 28. dxe5 fxe5 29. f5 h6 $1 30. Ke3 Ke7 31. Ra5 Kf6 32. Rc5 (32. Kf3 $16) 32... Kg5 $11 33. Kf3 e4+ $1 34. Kg3 Rd7 {[#] With the idea ...Rd3+.} 35. f6+ $1 {[%mdl 512]} Kxf6 36. Kf4 Rd6 37. Kxe4 Re6+ 38. Kd4 Rd6+ 39. Kc3 g6 40. Kb4 gxh5 41. gxh5 {aiming for Ka5.} Ke7 42. Ka5 Rf6 43. Kb6 Kd7 44. Ra5 Kd6 45. Ra1 {Hoping for c5+.} Rf5 $1 46. Rd1+ Ke6 47. Kxc6 Rxh5 48. Rd6+ Ke7 49. c5 Rh1 50. Kc7 {Threatens to win with c6.} h5 51. Rh6 {Strongly threatening c6.} h4 52. c6 h3 53. Kb8 h2 {( -> ...Rb1+)} 54. c7 Rb1+ 55. Kc8 $2 {[%mdl 8192]} (55. Ka7 $11 Kd7 56. Rxh2) 55... h1=Q {Black mates.} 56. Rxh1 Rxh1 57. Kb7 Rb1+ 58. Kc8 Rc1 {Accuracy: White = 46%, Black = 82%.} 0-1

[Event "GAMMA Reykjavik Open 2019"]
[Site "Reykjavik"]
[Date "2019.04.14"]
[Round "7.21"]
[White "Prithu Gupta"]
[Black "Le Goff, Ronan"]
[Result "1-0"]
[WhiteElo "2478"]
[BlackElo "2186"]
[Annotator "ChessBase"]
[PlyCount "103"]
[EventDate "2019.04.04"]
[EventType "swiss"]
[EventCountry "ISL"]
[SourceTitle "playchess.com"]
[Source "ChessBase"]
[SourceQuality "1"]
[TimeControl "40/5400+30:1800+30"]

1. Nf3 {[%emt 0:00:00]} Nf6 {[%emt 0:00:22]} 2. g3 {[%emt 0:00:00]} e6 {[%emt 0:00:39]} 3. c4 {[%emt 0:00:00]} d5 {[%emt 0:00:06]} 4. Bg2 {[%emt 0:00:00]} Be7 {[%emt 0:00:10]} 5. O-O {[%emt 0:00:03]} O-O {[%emt 0:00:09]} 6. b3 {[%emt 0:00:02]} d4 {[%emt 0:00:24]} 7. e3 {[%emt 0:00:32]} c5 {[%emt 0:00:22]} 8. Ne5 {[%emt 0:00:06]} Ne8 {[%emt 0:19:55]} 9. f4 {[%emt 0:04:11]} f6 {[%emt 0:07:09]} 10. Nd3 {[%emt 0:00:07]} Nc7 {[%emt 0:05:51]} 11. Ba3 {[%emt 0:03:53]} Nba6 {[%emt 0:01:00]} 12. Bb2 {[%emt 0:00:20]} Rb8 {[%emt 0:06:22]} 13. Na3 {[%emt 0:00:28]} b5 {[%emt 0:06:37]} 14. Nxb5 {[%emt 0:01:06]} Nxb5 {[%emt 0:00:08]} 15. cxb5 {[%emt 0:00:03]} Rxb5 {[%emt 0:00:14]} 16. Qc2 {[%emt 0:00:55]} dxe3 {[%emt 0:19:11]} 17. dxe3 {[%emt 0:00:06]} Nb4 {[%emt 0:00:26]} 18. Nxb4 {[%emt 0:00:29]} cxb4 {[%emt 0:00:43]} 19. Bd4 {[%emt 0:01:22]} Bb7 {[%emt 0:05:39]} 20. Qc4 {[%emt 0:03:59]} Qd7 {[%emt 0:00:39]} 21. Bxb7 {[%emt 0:01:31]} Rxb7 {[%emt 0:00:17]} 22. Rac1 {[%emt 0:00:31]} Rd8 {[%emt 0:06:45]} 23. Qa6 {[%emt 0:04:48]} Kf7 {[%emt 0:03:32]} 24. Rc4 {[%emt 0:14:19]} Qd5 {[%emt 0:05:41]} 25. Qc6 {[%emt 0:12:39]} Qxc6 {[%emt 0:02:08]} 26. Rxc6 {[%emt 0:00:03]} Bd6 {[%emt 0:03:07]} 27. Kf2 {[%emt 0:05:07]} Ke7 {[%emt 0:01:11]} 28. Ke2 {[%emt 0:00:11]} Rc7 {[%emt 0:02:37]} 29. Rfc1 {[%emt 0:00:16]} Kd7 {[%emt 0:00:32]} 30. Rxc7+ {[%emt 0:01:18]} Bxc7 {[%emt 0:00:08]} 31. Bc5 {[%emt 0:03:55]} a5 {[%emt 0:01:07]} 32. g4 {[%emt 0:01:34]} g6 {[%emt 0:00:51]} 33. Be7 {[%emt 0:18:23]} Kxe7 {[%emt 0:00:37]} 34. Rxc7+ {[%emt 0:00:03]} Rd7 {[%emt 0:00:16]} 35. Rxd7+ {[%emt 0:01:45]} Kxd7 {[%emt 0:00:05]} 36. Kd3 {[%emt 0:00:03]} h5 {[%emt 0:01:21]} 37. g5 {[%emt 0:09:12]} fxg5 {[%emt 0:01:15]} 38. fxg5 {[%emt 0:00:02]} Kd6 {[%emt 0:00:26]} 39. Kd4 {[%emt 0:00:33]} h4 {[%emt 0:00:42]} 40. h3 {[%emt 0:00:00]} e5+ {[%emt 0:00:00]} 41. Kc4 {[%emt 0:00:50]} e4 {[%emt 0:06:41]} 42. Kd4 {[%emt 0:00:14]} Ke6 {[%emt 0:08:36]} 43. Kxe4 {[%emt 0:00:03]} Kd6 {[%emt 0:00:15]} 44. Kd4 {[%emt 0:01:47]} Ke6 {[%emt 0:00:51]} 45. e4 {[%emt 0:00:06]} Kd6 {[%emt 0:00:06]} 46. e5+ {[%emt 0:00:13]} Ke6 {[%emt 0:00:30]} 47. Ke4 {[%emt 0:00:05]} Kd7 {[%emt 0:01:48]} 48. Kd5 {[%emt 0:00:07]} Ke7 {[%emt 0:00:08]} 49. e6 {[%emt 0:00:05]} Ke8 {[%emt 0:00:35]} 50. e7 {[%emt 0:00:05]} Kxe7 {[%emt 0:01:04]} 51. Ke5 {[%emt 0:00:06]} Kf7 {[%emt 0:00:48]} 52. Kd6 {[%emt 0:00:06]} 1-0

[Event "GAMMA Reykjavik Open 2019"]
[Site "Reykjavik"]
[Date "2019.04.14"]
[Round "7.22"]
[White "Siddharth, Jagadeesh"]
[Black "Kevlishvili, Robby"]
[Result "0-1"]
[WhiteElo "2132"]
[BlackElo "2451"]
[Annotator "TA"]
[PlyCount "134"]
[EventDate "2019.04.04"]
[EventType "swiss"]
[EventCountry "ISL"]
[SourceTitle "playchess.com"]
[Source "ChessBase"]
[SourceQuality "1"]

{[%evp 9,134,3,14,6,13,10,9,5,33,35,46,43,45,35,48,38,37,28,35,29,32,24,36,40,47,39,29,25,36,31,48,43,94,-120,-116,-107,-114,-125,-125,-123,-114,-109,-107,-144,-141,-178,-184,-266,-266,-266,-266,-264,-266,-268,-266,-277,-258,-277,-272,-261,-256,-312,-312,-312,-312,-306,-302,-271,-186,-194,-195,-195,-195,-209,-194,-194,-189,-195,-195,-195,-195,-195,-194,-352,-358,-352,-116,-344,-344,-571,-571,-571,-571,-571,-507,-499,-499,-499,-470,-1586,-1582,-1456,-1339,-1085,-895,-1441,-1417,-1215,-1179,-1104,-805,-1257,-1193,-5409,-3743,-6087,-5693,-5193,-5039,-4280,-2431,-11298,-9790,-6029,-6029,-29979,-29980]} 1. e4 c5 2. Nf3 d6 3. c3 Nf6 4. g3 Bd7 (4... Nbd7 5. d3 g6 6. Bg2 Bg7 7. O-O O-O 8. Re1 e5 9. d4 Qc7 10. a4 b6 11. d5 a6 12. Nbd2 {1-0 (42) Kramnik,V (2800)-Karjakin,S (2763) Moscow 2018}) 5. d3 Nc6 6. Bg2 {B50: Sicilian: 2...d6, Miscellaneous} g6 7. O-O Bg7 8. Re1 {The position is equal.} Bg4 $146 ({Predecessor:} 8... O-O 9. Nbd2 Rc8 10. Nf1 b5 11. d4 cxd4 12. Nxd4 a6 13. Ne3 Qb6 14. Nd5 Qd8 15. Nxc6 Bxc6 16. Bg5 Bxd5 17. exd5 {½-½ (36) Kuang,Y (2220)-Du,Y (1522) Hangzhou 2018}) 9. h3 Bxf3 10. Qxf3 O-O 11. Be3 Nd7 12. Qd1 Rb8 13. a4 a6 14. Nd2 Qc7 15. Nf3 b5 16. axb5 axb5 17. d4 b4 18. Qe2 bxc3 19. bxc3 Rb3 20. Qc4 Rfb8 ({Black should try} 20... Rbb8 $14) 21. Nd2 $2 {[#]} (21. e5 $16 {Strongly threatening e6.} cxd4 22. cxd4 (22. Bxd4 R3b7 $14)) 21... Rxc3 $1 $17 {[%mdl 512]} 22. Qxc3 cxd4 23. Qa3 {aiming for Bg5.} dxe3 24. Qxe3 Bxa1 25. Rxa1 Qb6 26. Qe1 Qd4 27. Rc1 Nce5 28. Qe2 (28. Rb1 {is a better defense.}) 28... Rb2 $19 29. Nf3 Nxf3+ ({Don't play} 29... Rxe2 30. Nxd4 Rd2 31. Nc6 $17) 30. Qxf3 Ne5 31. Qe3 Qxe3 32. fxe3 {[%mdl 4096] Endgame KRB-KRN} Rb3 33. Rc7 Kf8 ({Don't take} 33... Rxe3 34. Kf2 $19) 34. Kf2 Nd3+ 35. Ke2 Rb2+ 36. Kf1 {[#]} Ne1 $1 {[%mdl 512]} 37. Bh1 (37. Kxe1 Rxg2) 37... Rh2 38. Kg1 Rc2 39. Rxc2 Nxc2 {KB-KN} 40. Kf2 Kg7 41. Ke2 Nb4 42. Bg2 Kf6 43. Kf3 Ke5 44. Bf1 Nc6 45. Bb5 Nd8 46. Bc4 $2 (46. h4) 46... Ne6 47. h4 h5 $2 (47... g5 $19 {has better winning chances.} 48. h5 Kf6) 48. Bd5 $2 {[#]} (48. g4 $17) 48... g5 $1 49. Bc6 $2 (49. hxg5 {was forced.} Nxg5+ 50. Kg2) 49... g4+ 50. Kg2 Nc5 51. Be8 Kf6 52. Bc6 e6 53. Kh2 {and the idea Kg2 leaves White hopeful.} Nb3 54. Kg1 (54. Kg2 $142 Nd2 55. Kh2) 54... Nd2 55. Kg2 Nb1 56. Kg1 Nc3 57. Kf1 Ke5 58. Be8 Nxe4 59. Bxf7 Nxg3+ 60. Kg2 Nf5 61. Bxh5 Nxe3+ 62. Kg3 Kf5 63. Be8 Nf1+ 64. Kg2 Nd2 65. h5 Kg5 66. Bd7 e5 67. Bxg4 Kxg4 {Accuracy: White = 41%, Black = 74%.} 0-1

[Event "GAMMA Reykjavik Open 2019"]
[Site "Reykjavik"]
[Date "2019.04.14"]
[Round "7.23"]
[White "Kjartansson, Gudmundur"]
[Black "Bjornsson, Tomas"]
[Result "1-0"]
[WhiteElo "2444"]
[BlackElo "2156"]
[Annotator "TA"]
[PlyCount "55"]
[EventDate "2019.04.04"]
[EventType "swiss"]
[EventCountry "ISL"]
[SourceTitle "playchess.com"]
[Source "ChessBase"]
[SourceQuality "1"]

{[%evp 11,55,10,8,9,5,4,16,18,37,25,23,18,25,28,35,9,30,33,53,31,38,0,-10,-28,0,0,10,-4,147,145,109,143,140,145,154,156,365,358,407,380,450,424,560,544,533,484]} 1. Nf3 d5 2. g3 Bg4 3. Bg2 Nd7 4. O-O c6 5. d3 Ngf6 6. h3 Bh5 7. Qe1 {A07: Réti Opening: New York and Capablanca Systems} e5 8. e4 dxe4 (8... Bd6 9. exd5 Bxf3 10. Bxf3 Nxd5 11. Nc3 Nxc3 12. bxc3 O-O 13. a4 a5 14. Bg2 Qc7 {½-½ (75) Howell,D (2682)-Vitiugov,N (2732) Caleta 2018}) 9. dxe4 {The position is equal.} Bc5 10. a4 O-O 11. Na3 {[%cal Bb1a3,Ba3c4,Bc4e3,Be3f5,Bf5g3][%mdl 32]} Re8 12. Nh4 Qc7 13. Nc4 Nb6 14. Ne3 Rad8 15. b3 $146 ({Predecessor:} 15. Nef5 Nbd7 16. b4 Bf8 17. g4 Bg6 18. Ng3 a5 19. Qe2 {0-1 (41) Lizorkina,V (1828)-Sukhorskij,V (1982) LSS email 2011}) 15... Nfd7 16. Kh1 f6 17. f4 exf4 18. gxf4 Nc8 19. Nef5 Nd6 $2 {[#]} (19... Ne7 $11) 20. Ng3 $1 $16 {[%cal Rg3h5]} Bf7 21. b4 Bc4 22. Rf3 Bd4 {[#]} 23. c3 $1 {[%cal Rc3d4]} Nxe4 $2 (23... f5 $16 {might work better.}) 24. Nxe4 $18 ({Less strong is} 24. cxd4 Nd6 $16) 24... Bd5 25. Rg3 ({Weaker is} 25. cxd4 Bxe4 26. Re3 Bxg2+ 27. Kxg2 Rxe3 $18) 25... Bxe4 26. Bxe4 {White is clearly winning.} Bf2 27. Qxf2 {aiming for Qa2+.} Rxe4 {[#]} 28. Rxg7+ $1 {[%mdl 512] Accuracy: White = 54%, Black = 27%.} 1-0